00818nam a22002177a 4500999001500000001000600015003000900021005001700030008004100047020001800088040003800106082001900144100002600163245011200189260007200301300002900373500002000402650004900422942001200471952011700483 c1209d120915378BD-DhUAP20200203163344.0200203r20081990ii ||||| |||| 001 0 eng d a9788175344501 aBD-DhUAPbEngcBD-DhUAPdBD-DhUAP 223a342.02 WEL aWellington, Harry H.  aInterpreting the Constitution : bthe Supreme Court and the Process of Adjudication /cHarry H. Wellington. aNew Delhi :bUniversal law publishing co.,cc1990 [Reprinted 2008]. axii, 195 pages ;c22 cm. aIncludes index. aConstitutional lawvJudicial processzIndia. 2ddccBK 00102ddc4070aUAPCLbUAPCLcGeneral Stacksd2020-02-03o342.02 WELp3010015378r2020-02-03t1w2020-02-03yBK